MyGZULibrary

Tourism in the green economy / (Record no. 972)

MARC details
000 -LEADER
fixed length control field 06252cam a2200397 i 4500
001 - CONTROL NUMBER
control field 18524548
003 - CONTROL NUMBER IDENTIFIER
control field GZU
005 - DATE AND TIME OF LATEST TRANSACTION
control field 20200918090801.0
008 - FIXED-LENGTH DATA ELEMENTS--GENERAL INFORMATION
fixed length control field 150312s2015 enk b 001 0 eng
010 ## - LIBRARY OF CONGRESS CONTROL NUMBER
LC control number 2014041825
020 ## - INTERNATIONAL STANDARD BOOK NUMBER
International Standard Book Number 9780415709217 (hardback)
020 ## - INTERNATIONAL STANDARD BOOK NUMBER
Canceled/invalid ISBN 9781315885681 (ebk)
040 ## - CATALOGING SOURCE
Original cataloging agency DLC
Language of cataloging eng
Transcribing agency DLC
Description conventions rda
Modifying agency DLC
042 ## - AUTHENTICATION CODE
Authentication code pcc
050 00 - LIBRARY OF CONGRESS CALL NUMBER
Classification number G156.5.S87
Item number TOU 2015
084 ## - OTHER CLASSIFICATION NUMBER
Classification number BUS081000
Number source bisacsh
245 00 - TITLE STATEMENT
Title Tourism in the green economy /
Statement of responsibility, etc. edited by Maharaj Vijay Reddy and Keith Wilkes.
264 #1 - PRODUCTION, PUBLICATION, DISTRIBUTION, MANUFACTURE, AND COPYRIGHT NOTICE
Place of production, publication, distribution, manufacture London ;
-- New York :
Name of producer, publisher, distributor, manufacturer Routledge,
Date of production, publication, distribution, manufacture, or copyright notice 2015.
300 ## - PHYSICAL DESCRIPTION
Extent xix, 366 pages ;
Dimensions 24 cm
336 ## - CONTENT TYPE
Content type term text
Content type code txt
Source rdacontent
337 ## - MEDIA TYPE
Media type term unmediated
Media type code n
Source rdamedia
338 ## - CARRIER TYPE
Carrier type term volume
Carrier type code nc
Source rdacarrier
504 ## - BIBLIOGRAPHY, ETC. NOTE
Bibliography, etc. note Includes bibliographical references and index.
505 0# - FORMATTED CONTENTS NOTE
Formatted contents note Introduction : Tourism in the Green Economy : Rio to Post-2015 / Maharaj Vijay Reddy and Keith Wilkes -- Defining the Green Economy and the Potential Role of Green Tourism / Adrian C. Newton -- Environmental Ethics and Challenges to Tourism's Place in the Green Economy / Andrew Holden -- The Role of Nature-based Tourism in the Green Economy : A Broader Perspective for Conservation and Sustainability in the Philippines / Corazon Catibog-Sinha -- Understanding the Philosophy and Performance of Tourism and Leisure in Protected Areas for transition to a Green Economy / Agita Livina and Dzintra Atstaja -- Ecotourism Regulation and the Move to a Green Economy / Colin Crawford, Jared Sternberg and Robert C. Cudd -- China's Tourism's March Forward : Towards a Green Transition or Unsustainable Tourism / Michael O' Regan -- Green Jobs and Employment in Tourism / Adele Ladkin and Edith Szivas -- Sri Lanka and Tourism : The Need for a Green Economy Approach / Jeremy Buultjens, Iraj Ratnayake and Athula Chammika Gnanapala -- Responses and Green Tourism Initiatives from National Parks in Sabah, Malaysia / Jennifer Kim Lian Chan -- The Potential of Energy Tourism: A Multiple Case Study on Renewable Energy-based Tourist Attractions / Lena-Marie Lun, Michael Volgger and Harald Pechlaner -- Eco-Certification and Labelling Programs of Hotels in China: Policy Perspectives for Sustainable Tourism and a "Greener" Economy / Fu Jia and Ralph Wahnschafft -- Working towards a Transition to Green Economy in Small Island Developing States : The Seychelles / Rachel Welton -- Destination Ukraine : Tourism Litmus of Transition to Green Economy / Victoria Kiptenko and Pavlo Doan -- Ecotourism as a Mechanism for Achieving a Green Economy in Developing Countries : Experiences from Ghana / Patrick Brandful Cobbinah, Rik Thwaites and Rosemary Black -- Local Food: Greening the Tourism Value Chain / Susan L. Slocum -- The Role of Green Events in a Green Economy / Bill Merrilees, Dale Miller and Amelia Green -- A Micro-Macro Assessment of Climate Change and Visitors to the Great Barrier Reef, Australia / Tazim Jamal, Bruce Prideaux, Hana Sakata and Michelle Thompson -- Investigating the Transition of the Tourism Industry towards a Green Economy in Samui Island, Thailand / Gunjan Saxena, Nisarat Thaithong and Dimitrios Tsagdis -- Greening the High-spend Visitor : Implications for Destination Marketing / Emma Whittlesea, Victoria Hurth and Sheela Agarwal -- Steps towards a Green Economy : Which Factors Contribute to the Social Inclusion and Economic Development of the Locals in the Brazilian Tourism Industry? / Gilson Zehetmeyer Borda, Elimar Pinheiro do Nascimento, João Paulo Faria Tasso and Everson Cristiano de Abreu Meireles -- Economic Greenwash: On the Absurdity of Tourism and Green Growth / C. Michael Hall.
520 ## - SUMMARY, ETC.
Summary, etc. "The concept of the green economy has now entered mainstream policy debates and been endorsed by a range of United Nations and other organizations. The Rio+20 UN conference specifically draw attention to the green economy approach in the context of sustainable development to move away from business-as-usual practices, act to end poverty, address environmental destruction and build a bridge to the sustainable future. It is increasingly recognized that the tourism sector can make a major contribution to the green economy through more sustainable practices, climate change mitigation and ecotourism. The role of tourism sector will continue to be crucial in the post-2015 sustainable development agenda too. However, there are ambiguities about how tourism and allied industries can maximize their contribution to human well-being and ensure environmentally sustainability, embracing issues of political economy, geography and business ethics. In this context, this book provides consensus about what the green economy entails, what role tourism can play in a green economy, early responses from many countries, on-going and emerging research initiatives that will enable tourism's transition to a green economy. The chapters address three key themes: understanding the Green Economy concept and the role of tourism; responses and initiatives in greening tourism; and emerging techniques and research implications. A wide range of case studies from around the world and in different contexts is included, to demonstrate the extent of the challenge and range of opportunities for the tourism industry"--
Assigning source Provided by publisher.
520 ## - SUMMARY, ETC.
Summary, etc. "This book provides consensus about what the green economy entails, what role tourism can play in a green economy, early responses from many countries, on-going and emerging research initiatives that will enable tourism's transition to a green economy"--
Assigning source Provided by publisher.
650 #0 - SUBJECT ADDED ENTRY--TOPICAL TERM
Topical term or geographic name entry element Sustainable tourism.
650 #0 - SUBJECT ADDED ENTRY--TOPICAL TERM
Topical term or geographic name entry element Sustainable tourism
General subdivision Economic aspects.
650 #7 - SUBJECT ADDED ENTRY--TOPICAL TERM
Topical term or geographic name entry element BUSINESS & ECONOMICS / Industries / Hospitality, Travel & Tourism.
Source of heading or term bisacsh
700 1# - ADDED ENTRY--PERSONAL NAME
Personal name Reddy, Maharaj Vijay,
Dates associated with a name 1977-
Relator term editor of compilation.
700 1# - ADDED ENTRY--PERSONAL NAME
Personal name Wilkes, Keith,
Dates associated with a name 1951-
Relator term editor of compilation.
856 42 - ELECTRONIC LOCATION AND ACCESS
Materials specified Cover image
Uniform Resource Identifier <a href="http://images.tandf.co.uk/common/jackets/websmall/978041570/9780415709217.jpg">http://images.tandf.co.uk/common/jackets/websmall/978041570/9780415709217.jpg</a>
906 ## - LOCAL DATA ELEMENT F, LDF (RLIN)
a 7
b cbc
c orignew
d 1
e ecip
f 20
g y-gencatlg
942 ## - ADDED ENTRY ELEMENTS (KOHA)
Source of classification or shelving scheme Library of Congress Classification
Koha item type Books
Classification part 156.5.S87
Item part TOU
Call number prefix G
Holdings
Withdrawn status Lost status Source of classification or shelving scheme Damaged status Not for loan Collection code Home library Current library Shelving location Date acquired Total Checkouts Full call number Barcode Date last seen Copy number Price effective from Koha item type
    Library of Congress Classification     Non-fiction Tourism and Hospitality Resource Centre Tourism and Hospitality Resource Centre General Stacks 08/31/2015   G156.5.S87 TOU 2015 025289 09/18/2020 c. 1 09/18/2020 Books